Chương trình năng suất xanh tại Hoà Phú, Đà Nẵng /

Guardado en:
Detalles Bibliográficos
Autor principal: Nguyễn Xuân H
Formato: Artículo
Lenguaje:Vietnamese
Materias:
Etiquetas: Agregar Etiqueta
Sin Etiquetas, Sea el primero en etiquetar este registro!
Thư viện lưu trữ: Thư viện Trường Đại học Đà Lạt
LEADER 00856nam a2200289 4500
001 DLU040028302
040 # # |a DLU  |b vie 
041 # # |a vie 
044 # # |a vn 
100 # # |a Nguyễn Xuân Hà 
245 # # |a Chương trình năng suất xanh tại Hoà Phú, Đà Nẵng /  |c Nguyễn Xuân Hà 
651 # # |a Đà Nẵng 
653 # # |a Bảo vệ Môi trường 
653 # # |a Chính sách Môi trường 
773 # # |t Bảo vệ môi trường  |g Số 10, 2003, tr 39 - 41. 
773 # # |t Bảo vệ môi trường  |g Số 10, 2003, tr. 
920 # # |a Phòng Tạp chí -- Trung tâm Thông tin - Thư viện Trường Đại học Đà Lạt 
933 # # |a MT 
933 # # |a NL 
994 # # |a DLU 
900 # # |a True 
911 # # |a Thái Thị Thanh Thủy 
925 # # |a G 
926 # # |a A 
927 # # |a BB 
980 # # |a Thư viện Trường Đại học Đà Lạt